[Event "AUT Bundesliga 2021-22"]
[Site "Graz"]
[Date "2022.04.23"]
[Round "11.24"]
[White "Lentrodt, Thomas"]
[Black "Gerhold, Michael"]
[Result "0-1"]
[WhiteElo "2257"]
[BlackElo "2167"]
[Annotator "TA"]
[PlyCount "142"]
[EventDate "2021.01.17"]
[EventType "team-tourn"]
[EventCountry "AUT"]
[SourceTitle "playchess.com"]
[Source "ChessBase"]
[SourceQuality "1"]
[TimeControl "40/5400+30:1800+30"]

{[%evp 9,142,9,17,0,2,-1,0,-12,0,-25,-10,-18,0,-22,-18,-12,0,-45,-15,-27,-35,-29,0,0,0,-61,37,-65,-60,-106,-118,-116,-100,-134,-131,-133,-120,-164,-155,-165,-165,-195,-170,-170,-173,-177,-172,-221,-233,-225,-215,-210,-224,-240,-235,-264,-266,-258,-246,-527,-505,-818,-800,-780,-434,-580,-580,-571,-577,-569,-540,-893,-471,-440,-428,-422,-395,-591,-416,-465,-456,-501,-497,-497,-456,-580,-546,-530,-356,-370,-343,-351,-344,-415,-415,-415,-415,-477,-477,-521,-415,-407,-424,-424,-424,-424,-423,-387,-379,-549,-514,-422,-355,-403,-385,-734,-727,-727,-691,-654,-503,-486,-416,-29969,-29970,-29970,-29971,-29963,-12839,-29979,-29978,-29978,-29979,-29981,-29982]} 1. d4 {[%emt 0:00:04]} Nf6 {[%emt 0:00:20]} 2. Nf3 {[%emt 0:00:08]} d5 {[%emt 0:00:11]} 3. c4 {[%emt 0:00:17]} e6 {[%emt 0:00:33]} 4. e3 {[%emt 0:02:11]} a6 {[%emt 0:03:00]} 5. Nbd2 {[%emt 0:04:54]} c5 {[%emt 0:02:33]} 6. cxd5 {[%emt 0:07:08] D30: Queen's Gambit Declined: Systems without Nc3.} exd5 {[%emt 0:01:46]} 7. dxc5 {[%emt 0:04:47]} Bxc5 {[%emt 0:00:07]} 8. Nb3 {[%emt 0:00:40] The position is equal. 8.a3 is vanishing.} Bd6 {[%emt 0:10:18] [#]} 9. Bd3 $146 {[%emt 0:17:35]} ({Predecessor:} 9. Be2 O-O 10. O-O Nc6 11. Nbd4 Bc7 12. b3 Qd6 13. Nxc6 bxc6 14. Bb2 Re8 15. Bxf6 Qxf6 {½-½ (25) Sandalakis,A (2433)-Hristodoulou,P (2299) Aschach 2019}) 9... Nc6 {[%emt 0:02:39]} 10. Nbd4 {[%emt 0:03:17]} Bg4 {[%emt 0:11:01]} 11. Nxc6 {[%emt 0:10:13]} bxc6 {[%emt 0:00:27]} 12. Qa4 {[%emt 0:03:06]} Bd7 {[%emt 0:16:26]} 13. Bd2 {[%emt 0:04:27]} O-O {[%emt 0:09:59]} (13... c5 $5 {[%cal Rd7a4]} 14. Qh4 O-O $15) 14. O-O {[%emt 0:05:29]} c5 {[%emt 0:00:37]} 15. Qc2 {[%emt 0:05:02]} Bb5 {[%emt 0:00:10]} 16. Rfd1 {[%emt 0:03:10]} Bc6 {[%emt 0:10:56]} 17. b4 {[%emt 0:11:00]} ({White should try} 17. Bc3 $11) 17... Qd7 {[%emt 0:02:07]} (17... Qe8 $1 $15 18. bxc5 Ba4) 18. Rdc1 {[%emt 0:04:11]} (18. bxc5 Ba4 $1 19. Qb2 (19. Qc3 Bxd1 20. Rxd1 Rfc8 $15) 19... Bxd1 20. Rxd1 Bxc5 $15) (18. Bf5 $14 Ba4 19. Bxd7 Bxc2 20. Rdc1) 18... Ba4 $15 {[%emt 0:00:31]} 19. Qb2 {[%emt 0:01:15] [#] White is now going downhill.} (19. Bf5 $15 Qb5 20. Qb2) 19... cxb4 $1 $17 {[%emt 0:00:33]} 20. Nd4 {[%emt 0:00:58]} ({Wrong is} 20. Bxb4 $2 Rfb8 21. a3 a5 $19) 20... Ne4 {[%emt 0:02:03]} 21. Be1 {[%emt 0:02:35]} a5 {[%emt 0:07:44] &Nero is more active.} 22. f3 {[%emt 0:01:32] [#]} Nc5 {[%emt 0:00:25]} 23. Bf5 {[%emt 0:00:44]} Qe7 {[%emt 0:00:28][%cal Oc5d3]} 24. Bf2 {[%emt 0:00:55]} g6 {[%emt 0:02:37]} 25. Bc2 {[%emt 0:01:07]} Bd7 {[%emt 0:00:49]} 26. Re1 {[%emt 0:00:54]} Qf6 {[%emt 0:01:03]} ({Inferior is} 26... Qe5 27. Bg3 Qf6 28. Bxd6 Qxd6 29. a3 $17) 27. Rad1 {[%emt 0:01:18]} Rfc8 {[%emt 0:01:20]} ({Worse is} 27... Qe5 28. Bg3 Qf6 29. Bxd6 Qxd6 30. Ne2 $17) 28. e4 {[%emt 0:01:29]} (28. Bg3 $142) 28... dxe4 $19 {[%emt 0:00:30]} 29. Bxe4 {[%emt 0:00:21]} Nxe4 {[%emt 0:00:37]} 30. Rxe4 {[%emt 0:00:24]} Ba4 {[%emt 0:04:02]} 31. Rd2 {[%emt 0:01:09]} Bf4 {[%emt 0:01:00] A strong pair of Bishops.} 32. Be3 {[%emt 0:01:38]} Bxe3+ {[%emt 0:00:44]} 33. Rxe3 {[%emt 0:00:02]} Rd8 {[%emt 0:01:54]} 34. Red3 $2 {[%emt 0:00:48]} (34. h3) 34... Rd5 {[%emt 0:03:04]} 35. Qb1 {[%emt 0:01:34]} (35. Re3 $142 Rad8 36. Re4) 35... Rad8 {[%emt 0:01:06]} 36. Ne2 {[%emt 0:00:59]} Qb6+ {[%emt 0:00:43]} 37. Kf1 {[%emt 0:00:41]} Rxd3 {[%emt 0:00:17]} 38. Rxd3 {[%emt 0:00:02]} Re8 {[%emt 0:02:34]} 39. Nd4 {[%emt 0:00:21]} Qc5 {[%emt 0:01:21]} 40. Nb3 {[%emt 0:00:00]} Qe5 {[%emt 0:00:00] aiming for ...Bb5.} 41. Kg1 {[%emt 0:05:21]} Bb5 {[%emt 0:06:26]} 42. Rd1 {[%emt 0:02:26]} Bc4 {[%emt 0:01:59]} 43. h3 {[%emt 0:02:10]} (43. Qc1 $142 Qe6 44. Nd4 Qe3+ 45. Qxe3 Rxe3 46. Kf2) 43... Qe3+ {[%emt 0:11:44]} 44. Kh1 {[%emt 0:01:47]} a4 {[%emt 0:02:26]} 45. Na5 {[%emt 0:03:13]} Be2 {[%emt 0:00:26]} 46. Re1 {[%emt 0:01:18]} Qc3 {[%emt 0:01:33]} 47. Rc1 {[%emt 0:04:18]} Qd2 {[%emt 0:02:31][%cal Oe2f3] Strongly threatening ...Bxf3!} 48. Qc2 {[%emt 0:03:17]} Qxc2 {[%emt 0:02:30]} 49. Rxc2 {[%emt 0:00:02][%mdl 4096] Endgame KRB-KRN} Bd3 {[%emt 0:01:26]} 50. Rd2 {[%emt 0:02:09]} Bb5 {[%emt 0:00:38] ...Ra8 is the strong threat.} 51. Rb2 {[%emt 0:02:23]} Ra8 {[%emt 0:00:47]} 52. Nb7 {[%emt 0:00:24]} Bc4 {[%emt 0:00:59]} 53. Nc5 {[%emt 0:01:21]} a3 {[%emt 0:02:44]} 54. Rc2 {[%emt 0:02:57] [#]} b3 $1 {[%emt 0:01:17]} 55. axb3 {[%emt 0:01:19] [#]} a2 $1 {[%emt 0:00:05]} 56. Rxa2 {[%emt 0:00:06]} Rxa2 {[%emt 0:00:04]} 57. bxc4 {[%emt 0:00:06] KR-KN} Rc2 {[%emt 0:00:08]} 58. Kh2 {[%emt 0:00:59]} Rxc4 {[%emt 0:00:04]} 59. Ne4 {[%emt 0:01:52]} (59. Nd7 $142) 59... Kg7 {[%emt 0:00:11]} 60. Kg3 {[%emt 0:00:39]} Ra4 {[%emt 0:00:29]} 61. h4 {[%emt 0:00:50]} f5 {[%emt 0:00:55]} 62. Ng5 $2 {[%emt 0:01:00]} (62. Nc5 Rc4 63. Nd3) 62... h6 {[%emt 0:00:16][%cal Bh7h6,Bh6g5,Bg5g4][%mdl 32]} 63. Ne6+ {[%emt 0:00:28]} Kf6 {[%emt 0:00:25]} 64. Nf4 {[%emt 0:00:33]} Rd4 {[%emt 0:01:51]} 65. Ne2 {[%emt 0:00:25]} Rd2 {[%emt 0:01:07]} 66. Nf4 {[%emt 0:02:15]} (66. Kf2 $19) 66... g5 {[%emt 0:00:03]} 67. hxg5+ {[%emt 0:00:30]} hxg5 68. Nh3 Kg6 {[%emt 0:01:00] ( -> ...Kh5)} 69. Ng1 {[%emt 0:01:00]} Kh5 {[%emt 0:00:12] Black mates.} 70. Nh3 {[%emt 0:00:23]} Rb2 {[%emt 0:00:42]} 71. Ng1 {[%emt 0:00:27]} g4 {[%emt 0:00:45] Weighted Error Value: White=0.49/Black=0.30} 0-1

[Event "AUT Bundesliga 2021-22"]
[Site "Graz"]
[Date "2022.04.23"]
[Round "11.25"]
[White "Bosiocic, Marin"]
[Black "Lenic, Luka"]
[Result "1-0"]
[WhiteElo "2522"]
[BlackElo "2634"]
[Annotator "TA"]
[PlyCount "97"]
[EventDate "2021.01.17"]
[EventType "team-tourn"]
[EventCountry "AUT"]
[SourceTitle "playchess.com"]
[Source "ChessBase"]
[SourceQuality "1"]
[TimeControl "40/5400+30:1800+30"]

{[%evp 17,97,0,0,-7,0,-47,-53,-56,-47,-47,-58,-142,-166,-164,-176,-170,-176,-156,-118,-101,-100,-130,-125,-120,-125,-167,-146,-169,-58,-50,-51,-29,-29,-41,3,0,16,-22,45,25,50,54,54,57,35,60,45,12,104,109,124,112,112,68,56,40,47,24,37,43,210,208,208,192,99,0,178,184,183,175,181,185,140,137,29990,29991,29991,29992,29992,29993,29993,269]} 1. e4 {[%emt 0:00:02]} e5 {[%emt 0:00:03]} 2. Nf3 {[%emt 0:00:08]} Nc6 {[%emt 0:00:04]} 3. Bc4 {[%emt 0:00:06]} Bc5 {[%emt 0:00:04]} 4. c3 {[%emt 0:00:10]} Nf6 {[%emt 0:00:04]} 5. d4 {[%emt 0:00:07]} exd4 {[%emt 0:00:15]} 6. e5 {[%emt 0:00:08]} d5 {[%emt 0:02:04]} 7. Bb5 {[%emt 0:00:06]} Ne4 {[%emt 0:00:09]} 8. cxd4 {[%emt 0:00:08]} Bb6 {[%emt 0:00:15]} 9. Nc3 {[%emt 0:00:07]} O-O {[%emt 0:02:11]} 10. h3 {[%emt 0:03:59] C54: Giuoco Piano: 4 c3 Nf6, main lines with 5 d4 and 5 d3.} Ba5 {[%emt 0:08:23] [#]} 11. Qb3 $146 {[%emt 0:02:12] [#]} (11. Bd2 $11) ({Predecessor:} 11. Bd2 Nxd2 12. Qxd2 f6 13. Bxc6 bxc6 14. O-O fxe5 15. Nxe5 Qf6 16. Rfe1 Re8 17. Re3 c5 {1-0 (35) Udvardi,Z (2211)-Acs,M (2138) Balatonlelle 2019}) 11... Nxd4 $1 $15 {[%emt 0:07:24]} 12. Nxd4 {[%emt 0:00:31] Black is slightly better.} c5 {[%emt 0:00:01][%cal Bc7c5,Bc5c4][%mdl 32]} 13. Nde2 {[%emt 0:07:11]} c4 $1 {[%emt 0:17:52][%mdl 1024] Black has compensation.} 14. Qa4 {[%emt 0:09:17]} (14. Bxc4 $15 dxc4 15. Qxc4) 14... Nc5 $1 $17 {[%emt 0:06:16]} 15. Qd1 {[%emt 0:00:50]} Nd3+ $1 {[%emt 0:00:16]} 16. Kf1 {[%emt 0:00:14]} a6 $1 {[%emt 0:03:20]} 17. Ba4 {[%emt 0:00:04]} d4 {[%emt 0:01:14] Inhibits Be3.} 18. Ne4 {[%emt 0:01:16]} Qd5 {[%emt 0:12:12]} 19. Nd6 {[%emt 0:00:45]} b5 {[%emt 0:00:23]} 20. Bc2 {[%emt 0:00:51]} Qxe5 {[%emt 0:11:47]} 21. Nxc8 {[%emt 0:00:10]} Nxc1 {[%emt 0:00:11]} 22. Nxd4 {[%emt 0:01:39] [#]} (22. Qxc1 $2 d3 23. Qe3 Qxb2 24. Ne7+ Kh8 $19) 22... Raxc8 {[%emt 0:03:12]} (22... Rd8 $1 $19 23. Qxc1 (23. Ne7+ $2 Qxe7 24. Rxc1 Qf6 $19) 23... Rxd4) 23. Nf3 $15 {[%emt 0:00:14]} (23. Rxc1 $2 Rfd8 24. Bxh7+ Kxh7 25. Qc2+ Kg8 $19) 23... Qxb2 {[%emt 0:00:08]} 24. Qxc1 {[%emt 0:00:06]} Qf6 {[%emt 0:00:09]} 25. Rb1 {[%emt 0:01:22]} h6 {[%emt 0:02:18]} (25... Rfe8 $5 {[%cal Rc8d8]}) 26. h4 {[%emt 0:01:54]} Rfe8 {[%emt 0:02:13]} 27. Rh3 {[%emt 0:00:20]} Bc7 {[%emt 0:07:00]} (27... Rcd8 $11) 28. Qb2 $14 {[%emt 0:04:33] Strongly threatening Qxf6.} Qe7 {[%emt 0:02:59]} 29. Re1 {[%emt 0:03:35]} Qc5 {[%emt 0:00:02]} 30. Rxe8+ {[%emt 0:01:14]} Rxe8 {[%emt 0:00:01]} 31. Qd4 {[%emt 0:01:18]} Qe7 {[%emt 0:02:14] ( -> ...Qe2+)} 32. Qd1 {[%emt 0:00:05] Against Qe2+} Qf6 {[%emt 0:05:11]} (32... Bb6 $11) 33. h5 $1 $16 {[%emt 0:01:48]} Rd8 {[%emt 0:00:37]} 34. Qb1 {[%emt 0:00:59]} Bb6 {[%emt 0:00:50][%cal Od8d2]} 35. Qe1 {[%emt 0:02:20] Inhibits Rd2.} Qb2 {[%emt 0:02:15][%csl LRa2,LRc2]} 36. Qe4 {[%emt 0:02:03]} Kf8 $1 {[%emt 0:00:07] ...Re8 is the strong threat.} 37. g4 {[%emt 0:01:46]} Re8 {[%emt 0:03:26] Prevents Ne5.} (37... Qxa2 38. Ne5 Qa1+ 39. Bb1 $18) 38. Qf5 {[%emt 0:00:09] Hoping for g5.} Qc1+ {[%emt 0:00:45]} ({Black should try} 38... Qxa2 $14 39. Nh4 (39. Kg2 Re2 $11) 39... Qa1+ 40. Bb1 (40. Kg2 Qf6 $11) 40... Qf6) 39. Kg2 $18 {[%emt 0:00:13][%cal Bf1g2,Bg2f2,Bf2g3][%mdl 32] aiming for Ne5.} Re2 {[%emt 0:00:13]} 40. Qc8+ {[%emt 0:00:00]} Re8 {[%emt 0:00:00]} 41. Qxa6 {[%emt 0:06:48]} (41. Qb7 $16 {[%cal Of3e5] And now Ne5! would win.} Bxf2 42. Bg6 fxg6 43. hxg6) 41... Bxf2 $2 {[%emt 0:02:35] [#]} 42. Qd6+ $1 {[%emt 0:00:10]} ({Resist} 42. Kxf2 Qxc2+ 43. Kg3 b4 $16) 42... Re7 {[%emt 0:04:34]} 43. Kxf2 {[%emt 0:01:34]} Qxc2+ {[%emt 0:00:58]} 44. Kg3 {[%emt 0:00:04] Black must now prevent Rh1.} Qxa2 {[%emt 0:02:26] [#]} 45. g5 $1 {[%emt 0:01:24] Dancing on a razor blade.} hxg5 {[%emt 0:08:49][%mdl 8192]} (45... c3 $16) 46. h6 {[%emt 0:00:09] White mates.} gxh6 {[%emt 0:01:04]} 47. Qxh6+ {[%emt 0:00:09]} Ke8 {[%emt 0:00:01]} 48. Qc6+ {[%emt 0:00:08]} Rd7 {[%emt 0:00:02]} 49. Rh8+ {[%emt 0:00:21] Quite a comeback for White.  Weighted Error Value: White=0.12 (very precise) /Black=0.40} 1-0

[Event "AUT Bundesliga 2021-22"]
[Site "Graz"]
[Date "2022.04.23"]
[Round "11.26"]
[White "Lagarde, Maxime"]
[Black "Brkic, Ante"]
[Result "1/2-1/2"]
[WhiteElo "2626"]
[BlackElo "2607"]
[Annotator "TA"]
[PlyCount "77"]
[EventDate "2021.01.17"]
[EventType "team-tourn"]
[EventCountry "AUT"]
[SourceTitle "playchess.com"]
[Source "ChessBase"]
[SourceQuality "1"]
[TimeControl "40/5400+30:1800+30"]

{[%evp 25,77,1,19,15,21,10,16,0,-4,-8,0,-14,-34,-8,0,-42,-40,-68,-24,-19,-39,-29,0,0,44,47,46,53,36,51,46,45,51,0,21,16,14,0,0,-14,0,0,0,-15,0,-7,-7,-7,-7,-6,-8,-7,0,0]} 1. e4 {[%emt 0:00:02]} e5 {[%emt 0:00:09]} 2. Nf3 {[%emt 0:00:03]} Nc6 {[%emt 0:00:05]} 3. Bb5 {[%emt 0:00:03]} a6 {[%emt 0:00:07]} 4. Ba4 {[%emt 0:00:03]} Nf6 {[%emt 0:00:05]} 5. O-O {[%emt 0:00:13]} Be7 {[%emt 0:03:54]} 6. Re1 {[%emt 0:00:05]} b5 {[%emt 0:00:08]} 7. Bb3 {[%emt 0:00:03]} d6 {[%emt 0:01:04]} 8. c3 {[%emt 0:00:20]} O-O {[%emt 0:00:05]} 9. h3 {[%emt 0:00:03]} Re8 {[%emt 0:02:57]} 10. d4 {[%emt 0:00:35]} Bb7 {[%emt 0:00:15]} 11. Nbd2 {[%emt 0:03:28]} Bf8 {[%emt 0:01:29]} 12. a3 {[%emt 0:00:53]} h6 {[%emt 0:01:18]} 13. Ba2 {[%emt 0:04:05]} Nb8 {[%emt 0:02:52]} 14. Qb3 {[%emt 0:14:32] C93: Closed Ruy Lopez: Smyslov Variation.} Qd7 {[%emt 0:02:57]} 15. Qc2 {[%emt 0:14:28]} c5 {[%emt 0:00:14]} 16. b3 {[%emt 0:01:28]} exd4 {[%emt 0:09:53]} 17. cxd4 {[%emt 0:00:20]} cxd4 {[%emt 0:00:49]} 18. Bb2 {[%emt 0:08:41]} Nc6 {[%emt 0:01:03][%cal Bb8c6,Bc6e5,Be5f3][%mdl 32] [#]} 19. b4 $146 {[%emt 0:05:41]} ({Predecessor:} 19. Rad1 b4 20. a4 Rac8 21. Qb1 Qe6 22. Qa1 Nh5 23. Bb1 Nf4 24. Kh2 Ne5 25. Bxd4 {1-0 (46) Aravindh,C (2609)-Kollars,D (2587) New Delhi 2019}) 19... Ne5 {[%emt 0:06:09]} 20. Nxd4 {[%emt 0:03:42]} Rac8 {[%emt 0:00:43]} 21. Qb1 {[%emt 0:05:15]} d5 {[%emt 0:11:59] [#] Strongly threatening ...dxe4.} (21... g6 $5 {[%cal Rf8g7]}) 22. N4f3 $1 {[%emt 0:08:21]} Nxf3+ {[%emt 0:06:01]} 23. Nxf3 {[%emt 0:01:35]} Nxe4 {[%emt 0:00:45]} 24. Ne5 {[%emt 0:01:18]} Qf5 {[%emt 0:12:38] [#]} 25. Rxe4 $1 {[%emt 0:00:09]} Qxe4 {[%emt 0:00:12]} 26. Qxe4 {[%emt 0:00:10]} dxe4 {[%emt 0:00:01]} 27. Bxf7+ {[%emt 0:00:14]} Kh7 {[%emt 0:00:02]} 28. Bg6+ {[%emt 0:00:45]} Kg8 {[%emt 0:00:18]} 29. Bf7+ {[%emt 0:09:57]} Kh7 {[%emt 0:00:12] The position is equal.} 30. Bxe8 {[%emt 0:00:10]} Rxe8 {[%emt 0:00:05]} 31. Rd1 {[%emt 0:00:31]} Be7 {[%emt 0:05:08]} 32. Ng4 {[%emt 0:00:16] Against Bf6} Rd8 {[%emt 0:01:15] Against Rd7} 33. Rxd8 {[%emt 0:00:15]} Bxd8 $11 {[%emt 0:00:03][%mdl 4096] Endgame KBB-KBN} 34. Ne3 {[%emt 0:00:08]} g5 {[%emt 0:05:20]} 35. Bd4 {[%emt 0:00:56]} Kg6 {[%emt 0:00:47]} 36. Kf1 {[%emt 0:00:05]} Bc7 {[%emt 0:00:59]} 37. Ke2 {[%emt 0:00:24]} Bf4 {[%emt 0:01:00]} 38. Kd2 {[%emt 0:00:27]} Bd5 {[%emt 0:05:54]} 39. g3 {Weighted Error Value: White=0.07 (flawless) /Black=0.08 (flawless)} 1/2-1/2

[Event "AUT Bundesliga 2021-22"]
[Site "Graz"]
[Date "2022.04.23"]
[Round "11.27"]
[White "Heberla, Bartlomiej"]
[Black "Schreiner, Peter"]
[Result "1-0"]
[WhiteElo "2570"]
[BlackElo "2435"]
[Annotator "TA"]
[PlyCount "117"]
[EventDate "2021.01.17"]
[EventType "team-tourn"]
[EventCountry "AUT"]
[SourceTitle "playchess.com"]
[Source "ChessBase"]
[SourceQuality "1"]
[TimeControl "40/5400+30:1800+30"]

{[%evp 22,117,0,0,0,-41,23,17,16,20,14,12,43,31,27,36,26,31,56,56,53,74,76,18,68,70,69,69,76,77,78,0,0,0,0,0,0,0,0,0,0,-65,41,42,46,40,62,52,50,49,110,79,79,72,72,72,72,72,72,72,72,72,72,72,72,60,71,60,64,24,161,161,161,161,161,119,241,373,282,272,29951,29951,29984,29985,29989,29990,29990,29975,29974,0,29987,29986,29993,29994,29995,29995,29995,29996]} 1. c4 {[%emt 0:00:09]} g6 {[%emt 0:01:15]} 2. Nc3 {[%emt 0:01:25]} c5 {[%emt 0:00:28]} 3. e3 {[%emt 0:01:18]} Bg7 {[%emt 0:03:27]} 4. d4 {[%emt 0:01:20]} Nf6 {[%emt 0:00:19]} 5. Nf3 {[%emt 0:05:52]} O-O {[%emt 0:00:20]} 6. Be2 {[%emt 0:00:10]} d5 {[%emt 0:01:44]} 7. O-O {[%emt 0:00:03]} cxd4 {[%emt 0:02:37]} 8. exd4 {[%emt 0:00:02]} Nc6 {[%emt 0:02:14]} 9. Re1 {[%emt 0:01:52]} Bg4 {[%emt 0:04:42]} 10. cxd5 {[%emt 0:00:29]} Nxd5 {[%emt 0:01:54]} 11. h3 {[%emt 0:00:09]} Bxf3 {[%emt 0:03:46]} 12. Bxf3 {[%emt 0:00:02]} e6 {[%emt 0:02:16] D94: Grünfeld: 4 Nf3 Bg7 5 e3.} 13. Be3 $5 {[%emt 0:03:02][%mdl 4] [#] An interesting side line.} Nxc3 $146 {[%emt 0:22:34]} (13... Nxe3 $15 14. fxe3 Qe7) ({Predecessor:} 13... Nxe3 14. fxe3 Rc8 15. Rc1 Bh6 16. Kh1 Ne7 17. Qd2 b6 18. Rcd1 Nf5 19. Qf2 Bg5 20. g3 {½-½ (63) Tomici,S (2118)-Miroiu,G (2299) Arad 2011}) 14. bxc3 $11 {[%emt 0:00:16]} Rc8 {[%emt 0:00:59] The position is equal.} 15. Rc1 {[%emt 0:04:45]} Qa5 {[%emt 0:03:23]} 16. Qb3 {[%emt 0:02:37]} b5 {[%emt 0:01:31]} 17. Bf4 {[%emt 0:11:13]} a6 {[%emt 0:06:45]} 18. d5 {[%emt 0:09:46]} exd5 {[%emt 0:02:00]} 19. Bxd5 {[%emt 0:00:05] Threatens to win with Bd6.} Qb6 {[%emt 0:02:07]} 20. Qd1 {[%emt 0:17:25] And now Bd6 would win.} Nd8 {[%emt 0:15:06]} 21. Be3 {[%emt 0:22:11]} Qa5 {[%emt 0:06:00]} 22. Bd4 {[%emt 0:02:15]} (22. Qg4 $16 Nc6 {[#]} 23. Bxf7+ $1 {[%mdl 512]} Kxf7 24. Bc5) 22... Nc6 {[%emt 0:06:58]} ({Black should try} 22... Bxd4 $11 23. cxd4 Rxc1 24. Qxc1 Ne6) 23. Bc5 $14 {[%emt 0:03:00]} Rfd8 {[%emt 0:03:20] [#]} 24. Bxf7+ $1 {[%emt 0:05:13] A strong pair of Bishops.} Kh8 {[%emt 0:00:15]} 25. Qb3 {[%emt 0:00:13]} Ne5 {[%emt 0:01:24]} 26. Be7 {[%emt 0:03:11]} (26. Bd4 $16 Qc7 27. Be6) 26... Nd3 $11 {[%emt 0:02:25][%csl LRc1,LRc3,LRe1]} 27. Bxd8 {[%emt 0:00:02]} Rxd8 {[%emt 0:00:15]} 28. Red1 {[%emt 0:00:45] Strongly threatening Rb1.} Nxc1 {[%emt 0:00:35]} 29. Rxc1 {[%emt 0:00:02]} Qb6 {[%emt 0:02:34]} 30. Re1 {[%emt 0:01:31]} Qf6 {[%emt 0:00:34]} 31. Re3 {[%emt 0:00:54]} (31. Re8+ $11 Rxe8 32. Bxe8) 31... Rf8 {[%emt 0:00:14]} (31... Rd2 $1 $15 32. Rf3 (32. Re8+ $2 Bf8 $19) 32... Qe5) 32. Rf3 $36 {[%emt 0:00:09][%mdl 2048] White fights for an advantage. Active counter play!} Qe7 {[%emt 0:00:42] White must now prevent ...Qe1+.} 33. g3 {[%emt 0:00:56]} (33. g4 {feels hotter.} Be5 34. Kg2 Kg7 35. Bd5) 33... a5 {[%emt 0:00:47]} 34. Kg2 {[%emt 0:01:54]} a4 {[%emt 0:00:25]} 35. Qd5 {[%emt 0:00:01]} Qe5 {[%emt 0:01:05]} ({Better is} 35... Bf6 $14) 36. Qd7 {[%emt 0:00:16]} Qc5 {[%emt 0:00:34]} 37. Bd5 {[%emt 0:02:46]} Rxf3 {[%emt 0:00:17]} 38. Bxf3 {[%emt 0:00:09]} Bxc3 {[%emt 0:00:54]} 39. Bd5 {[%emt 0:01:13]} Qf8 {[%emt 0:00:31]} 40. Qxb5 {[%emt 0:00:00]} a3 {[%emt 0:00:00]} 41. Qb6 {[%emt 0:02:04]} Be5 {[%emt 0:07:50]} 42. Qe6 {[%emt 0:00:41]} Bd4 {[%emt 0:01:51]} 43. f4 {[%emt 0:00:03]} Bf6 {[%emt 0:06:29]} 44. h4 {[%emt 0:00:12]} Kg7 {[%emt 0:00:57]} 45. g4 {[%emt 0:13:43][%cal Bg3g4,Bg4g5][%mdl 32]} Bb2 {[%emt 0:13:07]} (45... Bxh4 $11 {and Black stays safe.} 46. g5 h6) 46. g5 $18 {[%emt 0:00:37][%cal Oh4h5] Threatening mate with h5!} Kh8 {[%emt 0:01:06]} 47. Kg3 {[%emt 0:02:38] Kg4 is the strong threat.} Bc3 {[%emt 0:01:44]} 48. Kg4 {[%emt 0:01:50] h5 would kill now.} Bg7 {[%emt 0:01:05]} (48... Bb4 $16 49. Qe5+ Qg7) 49. h5 {[%emt 0:06:39]} gxh5+ {[%emt 0:00:09]} 50. Kxh5 {[%emt 0:00:01] White wants to mate with f5.} Qb8 $2 {[%emt 0:00:53]} (50... Bh6 $18 51. Kg4 (51. gxh6 Qf5+ 52. Qxf5 $11) (51. Qxh6 Qxh6+ 52. Kxh6 $11) 51... Bg7) 51. Kg4 {[%emt 0:01:08]} (51. f5 Qh2+ 52. Kg4 h5+ 53. gxh6 Qg1+ 54. Kf3 Qf1+ 55. Kg4 Qg1+ 56. Kh5 Qd1+ 57. Kg6 Qg1+ 58. Kf7 (58. Kh5 Qd1+ 59. Kg6 Qg1+ 60. Kh5 $16) 58... Qa7+ 59. Qe7 (59. Kg6 Qg1+ 60. Kh5 Qd1+ 61. Kg6 Qg1+ $16) 59... Qxe7+ 60. Kxe7 Bxh6 $16) 51... Qf8 {[%emt 0:00:55]} 52. f5 {[%emt 0:01:45][%cal Bf4f5,Bf5f6][%mdl 32]} Bb2 {[%emt 0:00:13]} 53. f6 {[%emt 0:00:53]} Bc3 {[%emt 0:00:39]} 54. Kh5 {[%emt 0:01:23]} Qb8 {[%emt 0:00:31]} 55. Kg4 $2 {[%emt 0:00:26]} (55. Qe7 {mates} Qh2+ 56. Kg4 Qg1+ 57. Kh3 Qf1+ 58. Kg3 Be1+ 59. Kg4 Qg1+ 60. Kf5) 55... Bd2 $2 {[%emt 0:00:42][%mdl 8192]} (55... Qf8 $11 56. Qe7 Bb4 57. Qd7 Bd2 58. Be4 Qg8 59. Qxd2 Qe6+ 60. Kf4 Qb6) 56. Qe4 {[%emt 0:02:08] White mates.} Bc3 {[%emt 0:00:30]} 57. Qe7 {[%emt 0:00:56][%csl Gf6][%cal Re7g7]} h5+ {[%emt 0:00:31]} 58. Kf5 {[%emt 0:00:29][%csl Gf6][%cal Re7g7]} Qb1+ {[%emt 0:00:29]} 59. Be4 {[%emt 0:00:23] Weighted Error Value: White=0.20 (precise) /Black=0.37} 1-0

[Event "AUT Bundesliga 2021-22"]
[Site "Graz"]
[Date "2022.04.23"]
[Round "11.28"]
[White "Diermair, Andreas"]
[Black "Martinovic, Sasa"]
[Result "1/2-1/2"]
[WhiteElo "2469"]
[BlackElo "2554"]
[Annotator "TA"]
[PlyCount "19"]
[EventDate "2021.01.17"]
[EventType "team-tourn"]
[EventCountry "AUT"]
[SourceTitle "playchess.com"]
[Source "ChessBase"]
[SourceQuality "1"]
[TimeControl "40/5400+30:1800+30"]

{[%evp 9,19,16,12,17,31,33,14,0,28,0,17,0]} 1. Nf3 {[%emt 0:00:03]} d5 {[%emt 0:00:04]} 2. d4 {[%emt 0:00:08]} Nf6 {[%emt 0:00:05]} 3. c4 {[%emt 0:00:05]} e6 {[%emt 0:00:03]} 4. Nc3 {[%emt 0:00:07]} a6 {[%emt 0:00:09]} 5. c5 {[%emt 0:00:50]} Nc6 {[%emt 0:00:10]} 6. Bf4 {[%emt 0:00:50] D37: Queen's Gambit Declined: 5 Bf4.} Nh5 {[%emt 0:00:07]} 7. Bd2 {[%emt 0:04:30]} Nf6 {[%emt 0:00:09] [#]} 8. Bf4 $146 {[%emt 0:02:49]} ({Predecessor:} 8. h3 Ne4 9. Bf4 Nxc3 10. bxc3 b6 11. cxb6 cxb6 12. e3 Bd6 13. Bd3 Bxf4 14. exf4 Qc7 15. g3 Bd7 16. O-O Ne7 {1-0 (44) Korobov,A (2690)-Kuzubov,Y (2624) Riga 2021}) 8... Nh5 {[%emt 0:00:04]} 9. Bd2 {[%emt 0:00:07]} Nf6 {[%emt 0:00:18]} 10. Bf4 {[%emt 0:02:27] Not much happened in this game.  Weighted Error Value: White=0.09 (flawless) /Black=0.03 (flawless)} 1/2-1/2